| 000 | 00458nam a22001577a 4500 | ||
|---|---|---|---|
| 005 | 20141002160825.0 | ||
| 008 | 141002b xxu||||| |||| 00| 0 eng d | ||
| 050 |
_aTX 911.3.M27 _b.C454 2013 |
||
| 100 | _aChand, Ramesh. | ||
| 245 |
_aHospitality destination and site management / _cRamesh Chand. |
||
| 260 |
_aNew Delhi : _bCentrum Press, _cc2013. |
||
| 300 |
_a248 pages : _c22 cm. |
||
| 521 | _aTourism | ||
| 650 | _aHospitality. | ||
| 942 |
_2lcc _cBK _kFOR |
||
| 999 |
_c276007 _d276007 |
||